| 000 | 01112nam a22002537a 4500 | ||
|---|---|---|---|
| 999 |
_c21346 _d21346 |
||
| 003 | AR-CdUCM | ||
| 008 | 190325b ||||| |||| 00| 0 spa d | ||
| 040 |
_aMUNICIPALIDAD PROVINCIAL DEL CUSCO _cBIBLIOTECA MUNICIPAL DEL CUSCO |
||
| 082 |
_a985.411/F89 _bF89 |
||
| 100 |
_aFuentes Pastor, Hélard _944505 |
||
| 245 | _aGarcía Manuel de Carvajal y la fundación de Arequipa / | ||
| 260 |
_aArequipa ; _bSociedad de Beneficencia, _c2015. |
||
| 300 |
_a113 Páginas. : _c21 cm. |
||
| 440 |
_aHistoria colonial _944510 |
||
| 505 | _aContenido: La tradición hispana -- El verdadero nombre del fundador -- Historia familiar -- La Villa hermosa de Camaná -- La fundación de Arequipa -- García Manuel de Carvajal cargos públicos -- Fallecimiento del fundador -- Otros aspectos en torno a la fundación. | ||
| 650 |
_aHistoria arequipeña _910150 |
||
| 650 |
_aFundación de Arequipa _944511 |
||
| 650 |
_aHistoria colonial _96071 |
||
| 650 |
_aArequipa Perú _97078 |
||
| 650 |
_aSiglo XXI _944509 |
||
| 710 |
_aSociedad de Beneficencia Pública de Arequipa _944512 |
||
| 942 |
_2ddc _cLIBROS |
||
| 945 | _aRoel | ||